Numbers - Sudden Death - Statistics

General Stats
  • This quiz has been taken 154 times
    132 since last reset
  • The average score is 6 of 21
Answers on the Grid
Answers color-coded by a green-red scale on the quiz's grid according to % correct below.
0
1
3
2
7
11
3
4
5
10
15
6
2
7
6
2
8
9
10
11
14
13
12
11
14
15
13
14
11
6
19
15
20
16
17
18
9
2
19
20
18
17
 
Answer Stats
Answer % Correct
1
97%
0
96%
2
84%
3
26%
4
24%
5
24%
6
24%
7
22%
8
22%
10
21%
11
21%
12
21%
9
21%
13
15%
14
15%
15
15%
16
15%
17
15%
18
15%
19
15%
20
15%
No matching quizzes found
Score Distribution
Percent of People with Each Score
Percentile by Number Answered
Your Score History
You have not taken this quiz since the last reset